|
|
|
|
| LEADER |
00000nam a22000007a 4500 |
| 005 |
20120224105057.0 |
| 007 |
cr|||| |||| |
| 008 |
120224d19972009gw |||| s||||i0|||a1ger d |
| 035 |
|
|
|a 1692
|
| 040 |
|
|
|a vLex
|
| 090 |
|
|
|c 3037
|d 3037
|
| 245 |
0 |
0 |
|a Gericht erster Instanz der Europĩschen Gemeinschaften
|h [Recurs electrṇic]
|
| 256 |
|
|
|a Servei en linia
|
| 260 |
|
|
|a Barcelona :
|b vLex
|
| 300 |
|
|
|a 1 recurs electrṇic
|
| 500 |
|
|
|a Aquesta font cont ̌les sentn̈cies dictades pel Gericht erster Instanz der Europĩschen Gemeinschaften fins el 30/11/2009. Les sentn̈cies posteriors a aquesta data es troben sota l'encapȧlament Gericht erster Instanz der Europĩschen Gemeinschaften
|
| 506 |
1 |
|
|a Contingut disponible en els productes indicats
|d vLex Global
|d vLex Global (Academic Edition, excluding Law Schools)
|d vLex Global (U.S. Academic Edition, Law Schools)
|d vLex Global (U.S. Academic Edition, excluding Law Schools)
|d vLex Global (Academic Edition, Law Schools)
|
| 610 |
2 |
|
|a Gericht erster Instanz der Europĩschen Gemeinschaften
|
| 650 |
0 |
4 |
|a Gericht erster Instanz der Europĩschen Gemeinschaften
|x Jurisprudn̈cia
|
| 650 |
0 |
4 |
|a Sentn̈cies
|
| 740 |
0 |
|
|a vLex Jurisprudn̈cia (Servei en linia)
|
| 785 |
|
0 |
|a Gericht der Europĩschen Union
|w 6023
|
| 856 |
4 |
0 |
|u http://vlex.com/source/gericht-erster-instanz-der-europaischen-gemeinschaften-1692
|z Acceso restringido
|
| 942 |
|
|
|c TR
|
| 999 |
0 |
|
|a Jurisprudence
|b European Union countries
|